000 00714nam a2200289Ia 4500
005 20260324140730.0
008 008 260324s9999 xx 000 0 eng d
020 _a9781003580683
037 _aEBOOK
040 _aCRL
040 _beng
040 _cCRL
041 _2eng
041 _aeng
084 _qCRL
100 _aDunsan C Prevorsek
_91205529
245 0 _aRecent Advances in Polymer Chemical Physics
245 0 _bContributions of the Russian Academy of Science
260 _bTaylor and Francis
260 _c1998
365 _a
365 _b370
856 _uhttp://www.taylorfrancis.com/books/9781003580683
942 _cEBOOK
999 _c1807888
_d1807888